000 01071cas a2200325 a 4500
001 149204
003 OSt
005 20180921
008
245 _aAmérica Latina
260 _aURSS, 0
650 _aAMERICA LATINA
_aARTE LITERATURA
_aECONOMIA
040 _aDLC
_cDLC
942 _2ddc
_cRC
999 _c149204
_d14920400